ბათუმის შოთა რუსთაველის სახელმწიფო უნივერსიტეტის ბიბლიოთეკა

მცენარეთა გეოგრაფია. (ბიბ.ჩანაწერი № 35323)

000 -LEADER
fixed length control field 00799nam a2200241Ia 4500
001 - CONTROL NUMBER
control field 1174
003 - CONTROL NUMBER IDENTIFIER
control field GE_BSU
008 - FIXED-LENGTH DATA ELEMENTS--GENERAL INFORMATION
fixed length control field 181216s||||||||xx |||||||||||||| ||und||
020 ## - INTERNATIONAL STANDARD BOOK NUMBER
International Standard Book Number 5511007226
040 ## - CATALOGING SOURCE
Transcribing agency GE_BSU
080 ## - UNIVERSAL DECIMAL CLASSIFICATION NUMBER
Universal Decimal Classification number 581.9(075.8)
100 ## - MAIN ENTRY--PERSONAL NAME
Personal name გაგნიძე, რევაზ.
245 ## - TITLE STATEMENT
Title მცენარეთა გეოგრაფია.
245 ## - TITLE STATEMENT
Remainder of title ფიტოგეოგრაფია.
260 ## - PUBLICATION, DISTRIBUTION, ETC.
Place of publication, distribution, etc. თბილისი.
260 ## - PUBLICATION, DISTRIBUTION, ETC.
Name of publisher, distributor, etc. თბილისის უნივერსიტეტის გამომცემლობა.
260 ## - PUBLICATION, DISTRIBUTION, ETC.
Date of publication, distribution, etc. 1996.
300 ## - PHYSICAL DESCRIPTION
Extent 232გვ. 18 სმ.
653 ## - INDEX TERM--UNCONTROLLED
Uncontrolled term მცენარეთა გეოგრაფია.
653 ## - INDEX TERM--UNCONTROLLED
Uncontrolled term ფიტოგეოგრაფია.
942 ## - ADDED ENTRY ELEMENTS (KOHA)
Koha item type წიგნი
ეგზემპლარები
Withdrawn status Lost status Damaged status Not for loan Date acquired Barcode Date last seen Price effective from Koha item type
        2018-12-17 2795 2018-12-17 2018-12-17 წიგნი